• 首页
  • 本馆介绍
  • 公告通知
  • 最新文献
  • 馆藏检索
  • 电子资源
  • 读者导购
  • 参考咨询
  • 我的图书馆
  • 登录
  • 详细信息显示
  • 放入我的书架
  • 预约/预借图书
  • 作者相关作品
  • 分类相关作品
  • 丛书相关作品
  • 出版社相关作品

书目信息

  • 表格格式
  • 工作单格式
  • 卡片格式
题名:
中国大势
    
 
作者: 刘德福 , 汪澄清 著
分册:  
出版信息: 济南   山东人民出版社  2004
页数: 10,599页
开本: 21cm
丛书名:
单 册:
中图分类: D569
科图分类:
主题词: 社会发展--研究--中国 , 社会发展 , 国际政治
电子资源:
ISBN: 7-209-03544-3
000 01111nam0 2200265 450
001 1251204952
005 20121005141434.43
010    @a7-209-03544-3@b精装@dCNY39.00
100    @a20041309d2004 emky0chiy50 ea
101 0  @achi
102    @aCN@b370000
105    @ay z 000yy
200 1  @a中国大势@Azhong guo da shi@e新千年始初二位智者关于世界历史发展进程暨中国未来发展的十二日谈话录@f刘德福,汪澄清著
210    @a济南@c山东人民出版社@d2004
215    @a10,599页@d21cm
330    @a本书以谈话体形式,对于新世界格局下的历史发展趋势、中国未来发展进行了讨论,其话题涉及“从农业社会到工业社会、从一元社会到多元社会”等。
517 1  @a新千年始初二位智者关于世界历史发展进程暨中国未来发展的十二日谈话录@Axin qian nian shi chu er wei zhi zhe guan yu shi jie li shi fa zhan jin cheng ji zhong guo wei lai fa zhan de shi er ri tan hua lu
606 0  @a社会发展@x研究@y中国
606 0  @a社会发展
606 0  @a国际政治
690    @aD569@v4
701  0 @a刘德福@Aliu de fu@f(1956~)@4著
701  0 @a汪澄清@Awang cheng qing@c(金融,@f1968~)@4著
801  0 @aCN@bNLC@c20101222
905    @a10447@dD569@eJY36
    
    中国大势:新千年始初二位智者关于世界历史发展进程暨中国未来发展的十二日谈话录/刘德福,汪澄清著.-济南:山东人民出版社,2004
    10,599页;21cm
    
    
    ISBN 7-209-03544-3(精装):CNY39.00
    本书以谈话体形式,对于新世界格局下的历史发展趋势、中国未来发展进行了讨论,其话题涉及“从农业社会到工业社会、从一元社会到多元社会”等。
●
相关链接 在E读中查询图书 在五车中查询图书 在当当中查询图书 在豆瓣中查询图书


正题名:中国大势     索取号:D569/JY36         预约/预借

序号 登录号 条形码 馆藏地/架位号 状态 备注
1 7811823   278118234   学院路分馆/ [索取号:D569/JY36] 在馆    
2 7811824   278118243   学院路分馆/ [索取号:D569/JY36] 在馆    
3 7811825   278118252   学院路分馆/ [索取号:D569/JY36] 在馆    
唐山师范学院图书馆 欢迎您!
大连网信软件有限公司© 版权所有